00659nam a2200229 a 4500001001300000003000900013005001700022008004100039020002300080082001800103100001600121245003000137260002700167500003500194505001400229650001700243700001600260902000800276942000700284952012100291999001700412nice12345678IN_TiNIC20260116015355.0110420s2006 nj,a grp 000 0 eng  a9781597840453c10000a297.211bNUR3 aNursi, Said aReflections on the Divine aNJ, USA bLight c2006 aincludes index and biblioraphy2 a135pIndex aTheology-God1 aNursi, Said bSRS cBK 001040708StackRoom-aHMIbHMId2011-04-20g100.00l0o297.211 NUR3p11002314r2011-04-20v100.00w2011-04-20yBK c19432d19432